| 000 | 00323nam a2200121Ia 4500 | ||
|---|---|---|---|
| 008 | 210430s9999 xx 000 0 und d | ||
| 082 | _a543.0858 A793 M | ||
| 100 |
_aG.Aruldhas _923856 |
||
| 245 |
_aMolecular Structure and Spectroscopy 2nd _cG.Aruldhas |
||
| 260 |
_aindia _bphi _c2007 |
||
| 300 | _a427p | ||
| 942 |
_cBK _2ddc |
||
| 999 |
_c564650 _d564650 |
||